| 000 | 00829nam a2200205Ia 4500 | ||
|---|---|---|---|
| 003 | OSt | ||
| 005 | 20250218094957.0 | ||
| 007 | ca aa aaaaa | ||
| 008 | 201103s9999 xx 000 0 und d | ||
| 040 | _cSSBUL | ||
| 041 | _abur | ||
| 082 |
_a၂၉၄.၃၄၃၅၀၉ _2၂၃ _bလှ |
||
| 100 |
_a လှပိုင်၊ ဦး၊ လယ်တီ- _917494 |
||
| 245 | 0 |
_aကျိုက်ထီးရိုးဆံတော်ရှင်စေတီတော်သမိုင်းသစ် / _cလယ်တီဦးလှပိုင် ။ |
|
| 260 |
_aရန်ကုန် ၊ _bဂန္တဝင်ပုံနှိပ်တိုက် ၊ _c၁၉၈၄ ။ |
||
| 300 |
_aဃ၊ ၂၀၀ စာမျက်နှာ ၊ _c၁၈ စင်တီ ။ |
||
| 942 |
_cBK _2ddc |
||
| 942 | _2ddc | ||
| 942 | _2ddc | ||
| 999 |
_c17014 _d17014 |
||